000 01067cam a2200217 4500500
005 20260201102618.0
041 _afre
042 _adc
100 1 0 _aDahan, Jocelyne
_eauthor
245 0 0 _aLa formation : le chemin pour la construction d'un métier
260 _c2009.
500 _a41
520 _aRésuméD’une pratique informelle à la reconnaissance et l’insertion officielles du métier de médiateur familial, il n’a fallu que vingt années. Ce texte propose de retracer cette construction et de soulever les enjeux actuels liés au développement d’un nouveau métier dont l’originalité est de se centrer sur la gestion des conflits de la sphère privée en prenant appui sur les éléments de la sphère publique.
690 _aassociations nationales
690 _adiplôme d'État
690 _aformation
690 _amédiation
690 _aprofessionnalisation
786 0 _nEmpan | 72 | 4 | 2009-02-12 | p. 20-28 | 1152-3336
856 4 1 _uhttps://shs.cairn.info/revue-empan-2008-4-page-20?lang=fr&redirect-ssocas=7080
999 _c1641068
_d1641068